[Event "37th Reykjavik op"]
[Site "Reykjavik ISL"]
[Date "2024.03.16"]
[Round "2.17"]
[White "Soderstrom, Adrian"]
[Black "Goekerkan, Cem Kaan"]
[WhiteElo "2288"]
[BlackElo "2523"]
[Result "1/2-1/2"]
[EventDate "2024.03.15"]
[PlyCount "145"]

1. d4 {[%eval 15,0]} d5 {[%eval 25,0]} 2. c4 {[%eval 26,0]} e6 {[%eval 28,0]}
3. Nf3 {[%eval 11,0]} Nf6 {[%eval 12,0]} 4. g3 {[%eval 7,0]} dxc4 {[%eval 22,0]
} 5. Qa4+ {[%eval 0,0]} Nbd7 {[%eval 0,0]} 6. Qxc4 {[%eval 0,0]} a6 {[%eval 0,
0]} 7. Bg2 {[%eval 0,0]} b5 {[%eval 0,0]} 8. Qc2 {[%eval 36,0]} Bb7 {[%eval 29,
0]} 9. O-O {[%eval 27,0]} c5 {[%eval 34,0]} 10. dxc5 {[%eval 6,0]} Bxc5 {
[%eval 54,0]} 11. a3 {[%eval 85,0]} Rc8 {[%eval 84,0]} 12. Nc3 {[%eval 82,0]}
O-O {[%eval 83,0]} 13. Bd2 {[%eval 94,0]} a5 $6 {[%eval 26,0] Inaccuracy. h6
was best.} (13... h6 14. b4 Be7 15. Rfd1 Rc4 16. Qa2 Qb8 17. Rac1 Rfc8 18. Bf4
Qa8 19. Qb2 Nb6 20. Be3) 14. b4 {[%eval 25,0]} axb4 {[%eval 21,0]} 15. axb4 {
[%eval 18,0]} Bxb4 {[%eval 19,0]} 16. Qb2 {[%eval 17,0]} Bxf3 {[%eval 4,0]} 17.
Qxb4 {[%eval 3,0]} Bxg2 {[%eval 33,0]} 18. Kxg2 {[%eval 47,0]} Rb8 {[%eval 6,0]
} 19. Rfd1 {[%eval 11,0]} Qc8 {[%eval 14,0]} 20. Rab1 {[%eval 16,0]} Qc4 {
[%eval 17,0]} 21. Be1 {[%eval 35,0]} Ne5 {[%eval 15,0]} 22. Rd4 $6 {[%eval 7,0]
Inaccuracy. Qxc4 was best.} (22. Qxc4 bxc4 23. Rb5 Rxb5 24. Nxb5 Nd5 25. Nc3
Nxc3 26. Bxc3 Nc6 27. Rd7 Rc8 28. f4 h6) 22... Qc8 {[%eval 69,0]} 23. Rd6 {
[%eval -99,0]} Nc4 {[%eval 87,0]} 24. Rd4 {[%eval 78,0]} e5 {[%eval 87,0]} 25.
Rdd1 {[%eval 73,0]} Qf5 {[%eval 53,0]} 26. Qb3 {[%eval 51,0]} Ng4 {[%eval 26,0]
} 27. Kg1 {[%eval 62,0]} Qh5 {[%eval 55,0]} 28. h4 {[%eval 62,0]} Nf6 {[%eval
6,0]} 29. Rbc1 {[%eval 93,0]} e4 {[%eval -98,0]} 30. Rc2 $6 {[%eval -19,0]
Inaccuracy. Rb1 was best.} (30. Rb1 Qg4) 30... Qf5 $6 {[%eval 78,0] Inaccuracy.
h6 was best.} (30... h6 31. Rdc1 Qg4 32. Kh2 Rfe8 33. Ra2 Qf5 34. Nxb5 e3 35.
f3 Nd2) 31. Kg2 {[%eval 78,0]} Ng4 {[%eval 72,0]} 32. Nd5 {[%eval 78,0]} Qe6 {
[%eval 75,0]} 33. Qb4 {[%eval 75,0]} Rfd8 {[%eval -91,0]} 34. Nf4 {[%eval -82,
0]} Qc6 {[%eval -85,0]} 35. Rxd8+ {[%eval -84,0]} Rxd8 {[%eval 89,0]} 36. Ra2 {
[%eval 96,0]} h6 {[%eval 87,0]} 37. Ra7 $4 {[%eval -216,0] Blunder. Qe7 was
best.} (37. Qe7 Re8) 37... Rd7 $4 {[%eval 9,0] Blunder. Nxf2 was best.} (37...
Nxf2 38. Kxf2 Qb6+ 39. Kg2 Qxa7 40. Qxb5 Ne3+ 41. Kh2 Qc7 42. Qb3 Ng4+ 43. Kh3
Rb8 44. Qa3) 38. Ra1 $4 {[%eval -21,0] Blunder. Rxd7 was best.} (38. Rxd7 Qxd7)
38... Kh7 $2 {[%eval 26,0] Mistake. g5 was best.} (38... g5 39. hxg5 hxg5 40.
Nh3 f6 41. Rb1 Rb7 42. Kg1 Kf7 43. Ra1 Rd7 44. Rb1 Rd8 45. Bc3) 39. Qf8 {
[%eval 19,0]} Qd6 {[%eval 21,0]} 40. Qc8 {[%eval 51,0]} Qc7 {[%eval 38,0]} 41.
Qf8 {[%eval 33,0]} Rd8 {[%eval 4,0]} 42. Qb4 {[%eval 42,0]} Rb8 {[%eval 32,0]}
43. Bc3 {[%eval 43,0]} Qd7 {[%eval 48,0]} 44. e3 {[%eval 94,0]} Re8 {[%eval 41,
0]} 45. Bd4 {[%eval 43,0]} Qf5 {[%eval 21,0]} 46. Ra7 {[%eval 1,0]} Rb8 {
[%eval 14,0]} 47. Rc7 {[%eval 14,0]} g5 {[%eval 1,0]} 48. Qc5 {[%eval 0,0]}
Nce5 {[%eval 8,0]} 49. Bxe5 {[%eval 0,0]} Nxe5 $4 {[%eval 208,0] Blunder. gxf4
was best.} (49... gxf4 50. exf4 Rd8 51. Bd6 Qxc5 52. Bxc5 Kg8 53. Rb7 Rd2 54.
Kh3 Nxf2+ 55. Bxf2 Rxf2 56. Rxb5) 50. Re7 $4 {[%eval 6,0] Blunder. hxg5 was
best.} (50. hxg5 Rg8 51. gxh6 Rg5 52. Qd4 Ng4 53. Re7 Ne5 54. Re8 b4 55. Rb8 b3
56. Rb5 Kxh6) 50... gxf4 {[%eval 4,0]} 51. Rxe5 {[%eval 0,0]} Qg4 {[%eval 0,0]}
52. exf4 {[%eval 0,0]} Qf3+ {[%eval 12,0]} 53. Kh2 {[%eval 0,0]} Rd8 {[%eval
31,0]} 54. Qe3 {[%eval 0,0]} Qxe3 {[%eval 0,0]} 55. fxe3 {[%eval 0,0]} Rb8 {
[%eval 0,0]} 56. Rxe4 {[%eval 2,0]} b4 {[%eval 0,0]} 57. Rd4 {[%eval 0,0]} b3 {
[%eval 1,0]} 58. Rd1 {[%eval 0,0]} b2 {[%eval 0,0]} 59. Rb1 {[%eval 0,0]} f5 {
[%eval 0,0]} 60. h5 {[%eval 0,0]} Kg7 {[%eval 0,0]} 61. g4 {[%eval 0,0]} Kf6 {
[%eval 0,0]} 62. Kg3 {[%eval 0,0]} Rb7 {[%eval 0,0]} 63. Kh4 {[%eval 0,0]} Rb3
{[%eval 0,0]} 64. g5+ {[%eval 0,0]} Kg7 {[%eval 2,0]} 65. e4 {[%eval 0,0]} fxe4
{[%eval 0,0]} 66. Kg4 {[%eval 0,0]} Rb5 {[%eval 0,0]} 67. gxh6+ {[%eval 0,0]}
Kxh6 {[%eval 0,0]} 68. f5 {[%eval 0,0]} Rb3 {[%eval 0,0]} 69. f6 {[%eval 0,0]}
Rb4 {[%eval 0,0]} 70. Kf4 {[%eval 0,0]} Kh7 {[%eval 0,0]} 71. Ke3 {[%eval 0,0]}
Kh6 {[%eval 0,0]} 72. Kf4 {[%eval 0,0]} Kh7 {[%eval 0,0]} 73. Ke3 {[%eval 0,0]}
1/2-1/2

[Event "37th Reykjavik op"]
[Site "Reykjavik ISL"]
[Date "2024.03.16"]
[Round "2.18"]
[White "Prraneeth, Vuppala"]
[Black "Unzicker, Ferdinand, Dr."]
[WhiteElo "2506"]
[BlackElo "2284"]
[Result "1/2-1/2"]
[EventDate "2024.03.15"]
[PlyCount "114"]

1. e4 {[%eval 13,0]} e6 {[%eval 0,0]} 2. d4 {[%eval 41,0]} d5 {[%eval 21,0]} 3.
Nd2 {[%eval 12,0]} Nf6 $6 {[%eval 69,0] Inaccuracy. c5 was best.} (3... c5 4.
exd5 Qxd5 5. Ngf3 cxd4 6. Bc4 Qd7 7. O-O Nc6 8. Nb3) 4. e5 {[%eval 54,0]} Nfd7
{[%eval 4,0]} 5. c3 {[%eval 58,0]} c5 {[%eval 36,0]} 6. Bd3 {[%eval 55,0]} Nc6
{[%eval 33,0]} 7. Ne2 {[%eval 58,0]} cxd4 {[%eval 5,0]} 8. cxd4 {[%eval 41,0]}
f6 {[%eval 38,0]} 9. exf6 {[%eval 38,0]} Nxf6 {[%eval 41,0]} 10. Nf3 {[%eval
39,0]} Bd6 {[%eval 29,0]} 11. O-O {[%eval 32,0]} O-O {[%eval 39,0]} 12. Bf4 {
[%eval 41,0]} Bxf4 {[%eval 33,0]} 13. Nxf4 {[%eval 4,0]} Ng4 {[%eval 33,0]} 14.
Ne2 {[%eval 1,0]} e5 {[%eval 18,0]} 15. dxe5 {[%eval 21,0]} Rxf3 {[%eval 17,0]}
16. gxf3 {[%eval 18,0]} Ngxe5 {[%eval 21,0]} 17. Kh1 {[%eval 24,0]} Qf6 {
[%eval 38,0]} 18. Ng1 {[%eval 61,0]} Be6 {[%eval 61,0]} 19. Re1 {[%eval 7,0]}
Rd8 {[%eval 66,0]} 20. Qe2 {[%eval 82,0]} a6 $6 {[%eval 19,0] Inaccuracy. Bf7
was best.} (20... Bf7) 21. b4 $6 {[%eval 8,0] Inaccuracy. Rad1 was best.} (21.
Rad1 Bf7 22. Bc2 h6 23. f4 Qxf4 24. f3 d4 25. b3 Bd5 26. Be4 Bxe4 27. Qxe4 Qf7)
21... d4 {[%eval 61,0]} 22. Be4 {[%eval 55,0]} d3 {[%eval 36,0]} 23. Qe3 $4 {
[%eval -105,0] Blunder. Qb2 was best.} (23. Qb2) 23... Nxb4 {[%eval -289,0]}
24. Bxb7 {[%eval -273,0]} Nc2 {[%eval -268,0]} 25. Qxe5 {[%eval -268,0]} Qxe5 {
[%eval -274,0]} 26. Rxe5 {[%eval -271,0]} Nxa1 {[%eval -274,0]} 27. Bxa6 {
[%eval -294,0]} d2 {[%eval -114,0]} 28. Be2 {[%eval -191,0]} Bxa2 {[%eval -154,
0]} 29. Ra5 {[%eval -149,0]} Re8 {[%eval -152,0]} 30. Rxa2 {[%eval -162,0]}
Rxe2 {[%eval -145,0]} 31. Rxa1 {[%eval -195,0]} Re1 {[%eval -145,0]} 32. Ra8+ {
[%eval -8,0]} Kf7 {[%eval -167,0]} 33. Rd8 {[%eval -132,0]} d1=Q {[%eval -157,
0]} 34. Rxd1 {[%eval -161,0]} Rxd1 {[%eval -169,0]} 35. Kg2 {[%eval -186,0]}
Rd2 {[%eval -14,0]} 36. f4 $6 {[%eval -132,0] Inaccuracy. Nh3 was best.} (36.
Nh3 Rd5) 36... Kf6 {[%eval -138,0]} 37. Nf3 {[%eval -195,0]} Rd3 {[%eval -161,
0]} 38. Ne1 {[%eval -139,0]} Rc3 {[%eval -139,0]} 39. f3 {[%eval -142,0]} Ke6 {
[%eval -142,0]} 40. Kg3 {[%eval -143,0]} Kd5 {[%eval -121,0]} 41. Ng2 {[%eval
-133,0]} Kd4 {[%eval -136,0]} 42. Nh4 {[%eval -138,0]} Kd3 {[%eval -184,0]} 43.
f5 $2 {[%eval -397,0] Mistake. Nf5 was best.} (43. Nf5 Rc7 44. Nh4 Ke2 45. Nf5
Rd7 46. Kg4 Rd1 47. Ng3+ Ke3 48. f5 Rg1 49. f4 Kf2) 43... Ke2 {[%eval -209,0]}
44. Kg4 {[%eval -372,0]} Kf2 {[%eval -398,0]} 45. f4 {[%eval -365,0]} Rc6 {
[%eval -363,0]} 46. Kg5 {[%eval -313,0]} Ke3 {[%eval -315,0]} 47. Kg4 {[%eval
-318,0]} Ke4 {[%eval -334,0]} 48. Kg3 {[%eval -328,0]} Rc1 {[%eval -351,0]} 49.
h3 {[%eval -469,0]} Ra1 {[%eval -477,0]} 50. Ng2 {[%eval -306,0]} Kxf5 {
[%eval -468,0]} 51. Kf3 {[%eval -443,0]} Rf1+ {[%eval -465,0]} 52. Kg3 $6 {
[%eval -894,0] Inaccuracy. Ke3 was best.} (52. Ke3 Rh1 53. Nh4+ Kf6 54. Ke4
Rxh3 55. Nf5 h5 56. Nd6 Rb3 57. Ne8+ Kg6 58. Nd6 h4) 52... Ke4 $6 {[%eval -442,
0] Inaccuracy. Rg1 was best.} (52... Rg1 53. Kf2 Rxg2+ 54. Ke3 Rh2 55. Kd4 h5
56. Kc5 Rxh3 57. Kd6 Rh4 58. Ke7 Rxf4 59. Kf7) 53. Kg4 $6 {[%eval -798,0]
Inaccuracy. f5 was best.} (53. f5 Rxf5 54. Ne1 Rf1 55. Nc2 Rc1 56. Nb4 Rc4 57.
Na6 h5 58. Nb8 Rc3+ 59. Kg2 Kf4) 53... g6 {[%eval -698,0]} 54. Kg3 {[%eval
-528,0]} Rf3+ {[%eval -532,0]} 55. Kh2 {[%eval -594,0]} Rc3 {[%eval -535,0]}
56. h4 {[%eval -524,0]} Kf3 {[%eval -578,0]} 57. Kh3 $4 {[%eval -32749,0]
Checkmate is now unavoidable. Ne1+ was best.} (57. Ne1+ Kxf4 58. Ng2+ Kg4 59.
Ne1 Kxh4 60. Kg2 Kg4 61. Kf2 h5 62. Ke2 g5 63. Kd2 Rb3) 57... Rc1 {[%eval
-32751,0]} 1/2-1/2

[Event "37th Reykjavik op"]
[Site "Reykjavik ISL"]
[Date "2024.03.16"]
[Round "2.19"]
[White "Mohamed, Anees M"]
[Black "Suleymenov, Alisher"]
[WhiteElo "2271"]
[BlackElo "2506"]
[Result "1/2-1/2"]
[EventDate "2024.03.15"]
[PlyCount "80"]

1. Nf3 {[%eval 2,0]} c5 {[%eval 13,0]} 2. c4 {[%eval 25,0]} Nc6 {[%eval 32,0]}
3. d4 {[%eval 19,0]} cxd4 {[%eval 0,0]} 4. Nxd4 {[%eval 22,0]} Nf6 {[%eval 25,
0]} 5. Nc3 {[%eval 14,0]} e6 {[%eval 18,0]} 6. e3 {[%eval 9,0]} Bb4 {[%eval 2,
0]} 7. Ndb5 {[%eval 19,0]} Ne4 {[%eval 22,0]} 8. Qg4 $6 {[%eval 42,0]
Inaccuracy. Bd2 was best.} (8. Bd2 Nf6 9. Bd3 O-O 10. O-O Be7 11. Rc1 a6 12.
Nd4 b6) 8... Nxc3 {[%eval 41,0]} 9. bxc3 {[%eval 41,0]} Qf6 {[%eval 38,0]} 10.
Rb1 {[%eval 37,0]} Bxc3+ {[%eval 42,0]} 11. Kd1 {[%eval 5,0]} h5 {[%eval 22,0]}
12. Qg3 {[%eval 55,0]} Be5 {[%eval 48,0]} 13. f4 {[%eval 41,0]} Bb8 {[%eval 55,
0]} 14. Ba3 {[%eval 51,0]} e5 {[%eval 0,0]} 15. Qe1 $6 {[%eval 64,0]
Inaccuracy. Bd3 was best.} (15. Bd3 d6 16. Qg5 Qxg5 17. fxg5 O-O 18. Nc3 Bc7
19. h3 Be6 20. Ke2 Rfd8 21. Rxb7 Bb6) 15... d6 {[%eval 65,0]} 16. Qd2 $6 {
[%eval -57,0] Inaccuracy. Nc3 was best.} (16. Nc3 O-O 17. Nd5 Qd8 18. Qg3 Bc7
19. Bd3 Bg4+ 20. Kc2 Bb6 21. f5 e4 22. Bxe4 Re8) 16... O-O {[%eval -67,0]} 17.
Kc1 $2 {[%eval -109,0] Mistake. Nc3 was best.} (17. Nc3 Qd8 18. Nd5 Re8 19. Be2
Ne7 20. Bf3 exf4 21. Nxf4 d5 22. Nxd5 Nxd5 23. Bxd5 Qf6) 17... exf4 {[%eval
-115,0]} 18. exf4 {[%eval -255,0]} Rd8 {[%eval -259,0]} 19. g3 {[%eval -257,0]}
Bf5 {[%eval -281,0]} 20. Bd3 {[%eval -299,0]} d5 {[%eval -299,0]} 21. c5 {
[%eval -274,0]} b6 {[%eval -276,0]} 22. Rd1 {[%eval -251,0]} Bg4 {[%eval -281,
0]} 23. Re1 {[%eval -246,0]} a6 {[%eval -279,0]} 24. Nc3 {[%eval -300,0]} bxc5
{[%eval -283,0]} 25. Bc2 {[%eval -292,0]} Ba7 $6 {[%eval -23,0] Inaccuracy.
Bc7 was best.} (25... Bc7 26. Nxd5 Qh6 27. Rb7 Ba5 28. Ne7+ Kh8 29. Qg2 Nd4 30.
Re5 Bf3 31. Nf5 Bxg2 32. Nxh6) 26. Nxd5 {[%eval -48,0]} Qd6 $2 {[%eval 12,0]
Mistake. Qh6 was best.} (26... Qh6 27. Rb7 Be6 28. Be4 Kh8 29. Qg2 c4 30. Nc7
Qf6 31. Bb2 c3 32. Ba1 Na5 33. Nxe6) 27. Qd3 $2 {[%eval -35,0] Mistake. Rb7
was best.} (27. Rb7) 27... g6 {[%eval -77,0]} 28. Ne7+ {[%eval -100,0]} Nxe7 {
[%eval 51,0]} 29. Qxd6 {[%eval 47,0]} Rxd6 {[%eval 62,0]} 30. Rxe7 {[%eval 58,
0]} Bb6 {[%eval 44,0]} 31. Rb7 {[%eval 63,0]} Ba5 {[%eval 42,0]} 32. Bxc5 $6 {
[%eval -84,0] Inaccuracy. Rb8+ was best.} (32. Rb8+ Rd8) 32... Bd2+ $6 {
[%eval 22,0] Inaccuracy. Rdd8 was best.} (32... Rdd8 33. Be7) 33. Kb2 {[%eval
24,0]} Rd5 {[%eval 23,0]} 34. Bb4 $4 {[%eval -145,0] Blunder. Be7 was best.} (
34. Be7) 34... Bxb4 {[%eval -122,0]} 35. Rxb4 {[%eval -147,0]} Rd2 {[%eval
-128,0]} 36. Kc3 {[%eval -268,0]} Rxh2 {[%eval -269,0]} 37. Rb8+ {[%eval -282,
0]} Rxb8 {[%eval -191,0]} 38. Rxb8+ {[%eval -138,0]} Kg7 {[%eval -192,0]} 39.
Ra8 $6 {[%eval -368,0] Inaccuracy. Bb3 was best.} (39. Bb3 Be6 40. Bxe6 fxe6
41. Rb6 Kf6 42. Rxa6 Rg2 43. Kd4 Rxg3 44. Ra8 Rg4 45. Ke3 e5) 39... Rh3 {
[%eval -377,0]} 40. Rxa6 {[%eval -352,0]} h4 {[%eval -359,0]} 1/2-1/2

[Event "37th Reykjavik op"]
[Site "Reykjavik ISL"]
[Date "2024.03.16"]
[Round "2.20"]
[White "Pourkashiyan, Atousa"]
[Black "Balakrishnan, Praveen"]
[WhiteElo "2270"]
[BlackElo "2490"]
[Result "0-1"]
[EventDate "2024.03.15"]
[PlyCount "80"]

1. e4 {[%eval 13,0]} e5 {[%eval 17,0]} 2. Nf3 {[%eval 21,0]} Nc6 {[%eval 13,0]}
3. Bc4 {[%eval 14,0]} g6 $6 {[%eval 97,0] Inaccuracy. Nf6 was best.} (3... Nf6
4. d3 Bc5 5. O-O O-O 6. Re1 d6 7. c3 a6 8. h3) 4. d4 {[%eval 87,0]} exd4 {
[%eval 6,0]} 5. Nxd4 {[%eval 59,0]} Bg7 {[%eval 96,0]} 6. Nxc6 {[%eval 59,0]}
bxc6 {[%eval 86,0]} 7. O-O {[%eval 85,0]} Nh6 {[%eval 85,0]} 8. Nc3 {[%eval 94,
0]} O-O {[%eval 96,0]} 9. Bf4 {[%eval 91,0]} d6 {[%eval 108,0]} 10. h3 {
[%eval 96,0]} Be6 {[%eval 103,0]} 11. Bb3 {[%eval 105,0]} Kh8 {[%eval 100,0]}
12. Qe2 {[%eval 82,0]} Qc8 {[%eval 83,0]} 13. Rad1 {[%eval 75,0]} f6 {[%eval 9,
0]} 14. Be3 {[%eval 96,0]} a5 {[%eval 86,0]} 15. Qd2 {[%eval 92,0]} Ng8 {
[%eval 86,0]} 16. f4 {[%eval 92,0]} Ne7 {[%eval 93,0]} 17. Rde1 {[%eval 78,0]}
c5 {[%eval 89,0]} 18. f5 {[%eval 7,0]} Bf7 {[%eval 108,0]} 19. Bxf7 {[%eval 95,
0]} Rxf7 {[%eval 87,0]} 20. Nd5 {[%eval 98,0]} gxf5 {[%eval 107,0]} 21. Bh6 $6
{[%eval 0,0] Inaccuracy. Nxe7 was best.} (21. Nxe7 Rxe7 22. exf5 Qb7 23. b3 Re5
24. Qd3 Qd5 25. Qxd5 Rxd5 26. Bc1 a4 27. Re7 axb3) 21... Bxh6 {[%eval 0,0]} 22.
Qxh6 {[%eval 0,0]} Nxd5 {[%eval 0,0]} 23. exd5 {[%eval 0,0]} Qb7 {[%eval 3,0]}
24. Rxf5 {[%eval 17,0]} Qxb2 {[%eval 24,0]} 25. Re6 {[%eval 37,0]} Qxa2 {
[%eval 5,0]} 26. Rexf6 {[%eval 42,0]} Qa1+ {[%eval 61,0]} 27. Rf1 $4 {[%eval
-393,0] Blunder. Kh2 was best.} (27. Kh2 Rxf6 28. Rxf6 Qe5+ 29. Kh1 Rg8 30. Qh4
Qe2 31. Rf2 Qe1+ 32. Kh2 Qe5+ 33. Kh1 Re8) 27... Rxf6 {[%eval -395,0]} 28.
Qxf6+ {[%eval -333,0]} Qxf6 {[%eval -323,0]} 29. Rxf6 {[%eval -816,0]} (29. Rf3
Qf5 30. Rxf5 a4 31. Rf1 (31. Rf6) 31... Kg7 32. Ra1 Kf6 33. Kf2 Ke5 34. Ke3
Kxd5 35. Kd3 a3 36. c4+ Ke5 37. Ra2 Kf4 38. Kc3 Kg3 39. Kd3 Ra4 40. Kc3 h5 41.
Kb3 Ra8) 29... a4 $2 {[%eval -304,0] Mistake. Qxf3 was best.} 30. Rf1 {[%eval
-301,0]} Kg7 {[%eval -307,0]} (30... a3 31. Ra1 Kg7 32. Kf2 Kf6 33. Ke2 Ke5 34.
Kd3 Kxd5 35. c4+ Ke5) 31. Ra1 {[%eval -318,0]} Kf6 {[%eval -392,0]} 32. Kf2 {
[%eval -497,0]} Ke5 {[%eval -316,0]} 33. Ke3 {[%eval -311,0]} Kxd5 {[%eval
-309,0]} 34. Kd3 {[%eval -327,0]} a3 {[%eval -497,0]} 35. c4+ {[%eval -500,0]}
Ke5 {[%eval -302,0]} 36. Ra2 {[%eval -498,0]} Kf4 {[%eval -481,0]} 37. Kc3 {
[%eval -465,0]} Kg3 {[%eval -482,0]} 38. Kd3 {[%eval -443,0]} Ra4 {[%eval -445,
0]} 39. Kc3 {[%eval -451,0]} h5 {[%eval -457,0]} 40. Kb3 {[%eval -445,0]} Ra8 {
[%eval -431,0]} 0-1

[Event "37th Reykjavik op"]
[Site "Reykjavik ISL"]
[Date "2024.03.16"]
[Round "2.21"]
[White "Zhu, Jiner"]
[Black "Large, Peter G"]
[WhiteElo "2467"]
[BlackElo "2262"]
[Result "0-1"]
[EventDate "2024.03.15"]
[PlyCount "80"]

1. e4 {[%eval 13,0]} c5 {[%eval 33,0]} 2. Nf3 {[%eval 22,0]} e6 {[%eval 41,0]}
3. d4 {[%eval 42,0]} cxd4 {[%eval 26,0]} 4. Nxd4 {[%eval 4,0]} a6 {[%eval 45,0]
} 5. Bd3 {[%eval 37,0]} g6 {[%eval 52,0]} 6. O-O {[%eval 85,0]} Bg7 {[%eval 87,
0]} 7. c3 {[%eval 72,0]} Ne7 {[%eval 44,0]} 8. Be3 {[%eval 27,0]} d5 {[%eval
18,0]} 9. Nd2 {[%eval 26,0]} O-O {[%eval 3,0]} 10. Qc2 {[%eval 24,0]} dxe4 {
[%eval 1,0]} 11. Nxe4 {[%eval 1,0]} Nd5 {[%eval 1,0]} 12. Bg5 {[%eval 26,0]}
Qc7 {[%eval 31,0]} 13. Rfd1 {[%eval 46,0]} f5 {[%eval 4,0]} 14. Ng3 {[%eval 41,
0]} f4 {[%eval 45,0]} 15. Ne4 {[%eval 35,0]} h6 {[%eval 32,0]} 16. Bh4 $6 {
[%eval -57,0] Inaccuracy. Nf3 was best.} (16. Nf3 Nc6) 16... Bxd4 {[%eval -51,
0]} 17. cxd4 {[%eval -59,0]} Qxc2 {[%eval -51,0]} 18. Bxc2 {[%eval -61,0]} g5 {
[%eval -44,0]} 19. Nxg5 {[%eval -34,0]} hxg5 {[%eval -38,0]} 20. Bxg5 {[%eval
-31,0]} Kg7 {[%eval -49,0]} 21. h4 {[%eval -48,0]} Rh8 {[%eval -87,0]} 22. Be4
{[%eval -81,0]} Nc6 {[%eval -83,0]} 23. Bf3 {[%eval -47,0]} Bd7 {[%eval -53,0]}
24. h5 $2 {[%eval -259,0] Mistake. Re1 was best.} (24. Re1 Raf8 25. Rad1 Nce7
26. Rc1 Kf7 27. Bxe7 Nxe7 28. Rc7 Rd8 29. Re4 Nd5 30. Rxb7 Rxh4) 24... Raf8 {
[%eval -272,0]} 25. Bg4 {[%eval -291,0]} Nf6 $6 {[%eval -300,0] Inaccuracy.
Rfg8 was best.} (25... Rfg8 26. Bf3 Kf8 27. Bxd5 Rxg5 28. Bf3 Be8 29. Rd3 Bxh5
30. Bxc6 bxc6 31. Re1 Rhg8 32. g3) 26. Bxf6+ {[%eval -101,0]} Kxf6 {[%eval
-113,0]} 27. Rac1 {[%eval -272,0]} Rfg8 {[%eval -299,0]} 28. f3 {[%eval -233,0]
} Nb4 {[%eval -233,0]} 29. d5 {[%eval -243,0]} Nxd5 {[%eval -292,0]} 30. Rxd5 {
[%eval -211,0]} exd5 {[%eval -216,0]} 31. Bxd7 {[%eval -292,0]} Rxh5 {[%eval
-293,0]} 32. Bg4 {[%eval -391,0]} Re5 {[%eval -391,0]} 33. Kf2 {[%eval -343,0]}
Rge8 {[%eval -347,0]} 34. Rc2 {[%eval -372,0]} Re1 {[%eval -384,0]} 35. Bc8 {
[%eval -332,0]} d4 {[%eval -358,0]} 36. Bxb7 $6 {[%eval -415,0] Inaccuracy.
Bf5 was best.} (36. Bf5 Rd1 37. Be4 d3 38. Rc5 Rd2+ 39. Kg1 Rg8 40. g4 fxg3 41.
f4 Rd8 42. Rf5+ Ke7) 36... d3 {[%eval -449,0]} 37. Rc6+ $4 {[%eval -32743,0]
Checkmate is now unavoidable. Rd2 was best.} (37. Rd2 R8e2+ 38. Rxe2 Rxe2+ 39.
Kf1 Ke5 40. Bxa6 Kd4 41. Kg1 Rxb2 42. Kh2 d2 43. Be2 Rb1) 37... Kg5 {[%eval
-32745,0]} 38. Rc5+ {[%eval -32743,0]} Kh4 {[%eval -32745,0]} 39. Be4 {[%eval
-892,0]} d2 40. Bg6 R8e2# 0-1

[Event "37th Reykjavik op"]
[Site "Reykjavik ISL"]
[Date "2024.03.16"]
[Round "2.22"]
[White "Stefansson, Vignir Vatnar"]
[Black "Kunz, Andre"]
[WhiteElo "2464"]
[BlackElo "2197"]
[Result "1-0"]
[EventDate "2024.03.15"]
[PlyCount "77"]

1. d4 {[%eval 15,0]} d5 {[%eval 25,0]} 2. c4 {[%eval 26,0]} e6 {[%eval 28,0]}
3. Nf3 {[%eval 11,0]} c5 {[%eval 47,0]} 4. cxd5 {[%eval 46,0]} exd5 {[%eval 29,
0]} 5. g3 {[%eval 4,0]} Nc6 {[%eval 52,0]} 6. Bg2 {[%eval 67,0]} Nf6 {[%eval
59,0]} 7. O-O {[%eval 51,0]} Be7 {[%eval 44,0]} 8. dxc5 {[%eval 34,0]} Bxc5 {
[%eval 38,0]} 9. Qc2 {[%eval 21,0]} Bb6 {[%eval 31,0]} 10. Nc3 {[%eval 29,0]}
O-O {[%eval 26,0]} 11. Bg5 {[%eval 22,0]} d4 {[%eval 18,0]} 12. Ne4 {[%eval 14,
0]} Bf5 {[%eval 25,0]} 13. Nfd2 {[%eval 26,0]} Rc8 $6 {[%eval 32,0] Inaccuracy.
Re8 was best.} (13... Re8 14. Rac1 Bg6 15. Qb3 h6 16. Nxf6+ gxf6 17. Bxh6 Rxe2
18. Bxc6 bxc6 19. Qf3 d3 20. Rxc6) 14. Qd1 {[%eval 14,0]} Re8 {[%eval 1,0]} 15.
Rc1 {[%eval 2,0]} Qe7 {[%eval 3,0]} 16. Re1 {[%eval 14,0]} Ba5 {[%eval 0,0]}
17. Nxf6+ {[%eval 0,0]} gxf6 {[%eval 0,0]} 18. Bf4 {[%eval 8,0]} Ne5 {[%eval 5,
0]} 19. Qa4 {[%eval 1,0]} Bb6 {[%eval 8,0]} 20. Qb5 $6 {[%eval 71,0]
Inaccuracy. Nf3 was best.} (20. Nf3) 20... Bd7 $6 {[%eval 11,0] Inaccuracy. d3
was best.} (20... d3) 21. Qd5 {[%eval 61,0]} Bc6 {[%eval 1,0]} 22. Qb3 {
[%eval 8,0]} Kg7 {[%eval 4,0]} 23. Bxc6 {[%eval 1,0]} Nxc6 {[%eval 26,0]} 24.
Qf3 {[%eval 21,0]} Qe6 {[%eval 14,0]} 25. a3 {[%eval 8,0]} Bc7 {[%eval 32,0]}
26. Rc5 {[%eval 11,0]} Ne5 $6 {[%eval 68,0] Inaccuracy. Be5 was best.} (26...
Be5 27. Nf1 Red8 28. Rcc1 Qh3 29. Bxe5 Nxe5 30. Qe4 h5 31. Rxc8 Qxc8 32. Rd1
Nc6 33. f4) 27. Bxe5 {[%eval 82,0]} Bxe5 {[%eval 114,0]} 28. Rxc8 {[%eval 93,0]
} Rxc8 {[%eval 96,0]} 29. Qd3 {[%eval 75,0]} Qc6 {[%eval 68,0]} 30. Nb3 {
[%eval 78,0]} Qc2 {[%eval 113,0]} 31. Rc1 {[%eval 91,0]} Qxd3 {[%eval 86,0]}
32. exd3 {[%eval 92,0]} Rd8 $2 {[%eval 211,0] Mistake. Rxc1+ was best.} (32...
Rxc1+ 33. Nxc1) 33. f4 {[%eval 205,0]} Bd6 {[%eval 219,0]} 34. Kg2 {[%eval 178,
0]} b6 $6 {[%eval 207,0] Inaccuracy. f5 was best.} (34... f5 35. Rc4 Kf6 36.
Kf3 h5 37. a4 Rd7 38. Rxd4 Ke6 39. Rc4 Kf6 40. Nd2 Bc7 41. d4) 35. Rc4 {
[%eval 206,0]} Re8 $6 {[%eval 291,0] Inaccuracy. Bf8 was best.} (35... Bf8 36.
Kf3 Rd5 37. Na1 f5 38. Nc2 a6 39. Rxd4 Rxd4 40. Nxd4 Kf6 41. a4 Bc5 42. Nc2)
36. Kf2 {[%eval 203,0]} b5 $6 {[%eval 359,0] Inaccuracy. Bc5 was best.} (36...
Bc5 37. Nxd4) 37. Rc6 {[%eval 348,0]} Bb8 $6 {[%eval 441,0] Inaccuracy. Bf8
was best.} (37... Bf8 38. Nxd4 b4 39. a4 Rd8 40. Ke3 b3 41. Rc3 Bb4 42. Nf5+
Kg6 43. Nh4+ Kh5 44. Rxb3) 38. Nxd4 {[%eval 434,0]} Rd8 {[%eval 431,0]} 39. Ke3
1-0